000 00374nam a22001577a 4500
020 _a978-81-248-0292-2
082 _a823
_bSHA/C
100 _aBERNARD SHAW, GEORGE
245 _aCANDIDA
_bCLASSIC STORY
246 _aCANDIDA
_bCLASSIC STORY
260 _aNEW DELHI
_bPEACOCK BOOKS
_c2017
300 _a82
520 _aCLASSIC BOOKS
650 _aCLASSIC BOOKS
942 _cBK
999 _c2849
_d2849